000 00587nam a22002177a 4500
003 UA-OsUOA
001 90742
007 ta
008 20121120b un ||||| |||| 00| 0 ukr d
100 _aЛизун В.
090 _a330
_bЛ55
942 _cSA
040 _aUA-OsUOA
_brus
_cUA-OsUOA
_dUA-OsUOA
245 _aСтимулы инновационной экономики
300 _aС.78
955 _a0
041 _arus
080 _a330
773 0 _w90735
_tМеждународная экономика
_dМ.
_d2012
_g10
650 7 _a330 Економіка взагалі
_2UDC
999 _c377020
_d377020